[Event "4NCL/Div3/RHYE vs. OXF3"]
[Site "Daventry ENG"]
[Date "2009.10.25"]
[Round "2.3"]
[White "Trevelyan, John"]
[Black "Neatherway, A Philip"]
[Result "1/2-1/2"]
[WhiteElo "2166"]
[BlackElo "1922"]
[PlyCount "81"]
[EventDate "2009.10.25"]
[SourceDate "2009.10.24"]

1. d4 d5 2. Nf3 Nf6 3. c4 dxc4 4. e3 Bg4 5. Bxc4 e6 6. Nc3 Nbd7 7. O-O Bd6 8.
e4 e5 9. d5 O-O 10. Be2 Qe7 11. Ne1 Bxe2 12. Qxe2 a6 13. Nd3 Rad8 14. Bg5 h6
15. Bxf6 Qxf6 16. Rac1 Qh4 17. g3 Qh3 18. Nd1 f5 19. f3 fxe4 20. fxe4 Qxf1+ 21.
Qxf1 Rxf1+ 22. Kxf1 Nf6 23. N1f2 Rf8 24. Ke2 h5 25. Ne1 g5 26. h3 g4 27. hxg4
Nxg4 28. Nxg4 hxg4 29. Ng2 Rf3 30. Rc3 Rxc3 31. bxc3 Bc5 32. Nh4 Kf7 33. Nf5
Kf6 34. Kd3 b5 35. c4 bxc4+ 36. Kxc4 Bf2 37. d6 cxd6 38. Kd5 Kg5 39. a4 Bxg3
40. Nxg3 Kf4 41. Nf5 1/2-1/2

[Event "4NCL/Div3/RHYE vs. OXF3"]
[Site "Daventry ENG"]
[Date "2009.10.25"]
[Round "2.4"]
[White "Vikanis, Eglis"]
[Black "Smith, Olivia"]
[Result "0-1"]
[WhiteElo "1762"]
[BlackElo "2026"]
[PlyCount "31"]
[EventDate "2009.10.25"]
[SourceDate "2009.10.24"]

1. e4 e5 2. f4 exf4 3. Bc4 Qh4+ 4. Kf1 g5 5. Nf3 Qh5 6. d4 Nc6 7. Nc3 g4 8. Ne5
Nxe5 9. dxe5 f3 10. gxf3 gxf3 11. Kf2 Bc5+ 12. Be3 Qh4+ 13. Kxf3 Qh3+ 14. Kf2
Qxe3+ 15. Kg2 Qf2+ 16. Kh3 0-1

[Event "4NCL/Div3/RHYE vs. OXF3"]
[Site "Daventry ENG"]
[Date "2009.10.25"]
[Round "2.5"]
[White "Blackburn, Suzy G"]
[Black "Langham, Rod E"]
[Result "1-0"]
[WhiteElo "1912"]
[BlackElo "1786"]
[PlyCount "57"]
[EventDate "2009.10.25"]
[SourceDate "2009.10.24"]

1. d4 d5 2. Nf3 Nf6 3. Bg5 e6 4. e3 Nbd7 5. Nbd2 c6 6. c3 Qb6 7. Qc2 Bd6 8. Bd3
h6 9. Bh4 Ng4 10. e4 Bf4 11. e5 g5 12. Bg3 h5 13. Bxf4 gxf4 14. h3 Nh6 15. Ng5
Nf8 16. Ndf3 Bd7 17. Qd2 O-O-O 18. b4 Ng6 19. Nxf7 Nxf7 20. Bxg6 Rdf8 21. Qxf4
Qd8 22. Bxf7 Qe7 23. Ng5 Rhg8 24. h4 Kc7 25. Qf6 Qxf6 26. exf6 Rxg5 27. hxg5
Rxf7 28. Rxh5 Be8 29. Rh8 1-0

[Event "4NCL/Div3/BAB vs. 3CS"]
[Site "Daventry ENG"]
[Date "2009.10.25"]
[Round "2.1"]
[White "Healey, Michael W"]
[Black "Ashton, Adam G"]
[Result "0-1"]
[WhiteElo "2016"]
[BlackElo "2319"]
[PlyCount "84"]
[EventDate "2009.10.25"]
[SourceDate "2009.10.24"]

1. f4 d5 2. Nf3 Nf6 3. b3 g6 4. Bb2 Bg7 5. e3 Bg4 6. h3 Bxf3 7. Qxf3 Nbd7 8. d3
O-O 9. g4 c6 10. Nd2 Qa5 11. Bg2 Ne4 12. dxe4 Bxb2 13. Rd1 dxe4 14. Qxe4 Bc3
15. Qa4 Qxa4 16. bxa4 Nb6 17. Kf2 Nxa4 18. Ne4 Rfd8 19. h4 Ba5 20. f5 b5 21. h5
gxf5 22. gxf5 Rxd1 23. Rxd1 Rd8 24. Rg1 h6 25. Bf3+ Kf8 26. f6 Bc3 27. Nxc3
Nxc3 28. Bxc6 exf6 29. a4 b4 30. Rg4 Rd2+ 31. Kf3 a5 32. Rg2 Rxg2 33. Kxg2 Ke7
34. Kf3 Kd6 35. Be8 Ke5 36. Bc6 Nb1 37. Ke2 f5 38. Kd3 Nc3 39. Kc4 Nd1 40. Kb5
Nxe3 41. Kxa5 Nxc2 42. Bb5 Kd4 0-1

[Event "4NCL/Div3/BAB vs. 3CS"]
[Site "Daventry ENG"]
[Date "2009.10.25"]
[Round "2.2"]
[White "Longson, Alexander"]
[Black "Carpenter, David J"]
[Result "1/2-1/2"]
[WhiteElo "2254"]
[BlackElo "1983"]
[PlyCount "33"]
[EventDate "2009.10.25"]
[SourceDate "2009.10.24"]

1. e4 g6 2. d4 d6 3. f4 c6 4. Nf3 d5 5. e5 h5 6. Be2 Bg4 7. Nbd2 e6 8. Nf1 Be7
9. Ne3 Nh6 10. O-O c5 11. c3 Nc6 12. b3 cxd4 13. cxd4 Qb6 14. Bb2 Nf5 15. Nxf5
Bxf5 16. Qd2 O-O 17. Rfc1 1/2-1/2

[Event "4NCL/Div3/BAB vs. 3CS"]
[Site "Daventry ENG"]
[Date "2009.10.25"]
[Round "2.3"]
[White "Zhu, Hui"]
[Black "James, Dale R"]
[Result "0-1"]
[WhiteElo "1802"]
[BlackElo "2171"]
[PlyCount "48"]
[EventDate "2009.10.25"]
[SourceDate "2009.10.24"]

1. e4 Nf6 2. Nc3 d6 3. d4 g6 4. Be2 Bg7 5. Be3 c5 6. Qd2 cxd4 7. Bxd4 Nc6 8.
Be3 Ng4 9. Bxg4 Bxg4 10. f3 Be6 11. Nge2 Rc8 12. Bh6 Bf6 13. Bg5 Be5 14. Bf4
Qb6 15. Bxe5 dxe5 16. Na4 Qb5 17. b3 O-O 18. c4 Qb4 19. Qxb4 Nxb4 20. O-O b5
21. cxb5 Rc2 22. Nc1 Rd8 23. Kh1 Rdd2 24. Rg1 Bh3 0-1

[Event "4NCL/Div3/BAB vs. 3CS"]
[Site "Daventry ENG"]
[Date "2009.10.25"]
[Round "2.4"]
[White "Jaunooby, Ali Reza"]
[Black "Parry, Matthew"]
[Result "1-0"]
[WhiteElo "2171"]
[BlackElo "1794"]
[PlyCount "43"]
[EventDate "2009.10.25"]
[SourceDate "2009.10.24"]

1. d4 d5 2. c4 c6 3. Nf3 Nf6 4. Nc3 e6 5. Bg5 dxc4 6. e4 b5 7. e5 h6 8. Bh4 g5
9. Nxg5 hxg5 10. Bxg5 Nbd7 11. g3 Bb7 12. Bg2 Qb6 13. exf6 O-O-O 14. O-O c5 15.
d5 b4 16. Rb1 Bh6 17. f4 Bxg5 18. fxg5 Ne5 19. Qe2 exd5 20. Qxe5 bxc3 21. bxc3
Rhe8 22. Bh3+ 1-0

[Event "4NCL/Div3/BAB vs. 3CS"]
[Site "Daventry ENG"]
[Date "2009.10.25"]
[Round "2.5"]
[White "Smith, Steve"]
[Black "Clements, Thomas A"]
[Result "0-1"]
[WhiteElo "1542"]
[BlackElo "1962"]
[PlyCount "62"]
[EventDate "2009.10.25"]
[SourceDate "2009.10.24"]

1. e4 g6 2. d4 Bg7 3. Nc3 d6 4. Be3 a6 5. Qd2 b5 6. a3 Bb7 7. O-O-O Nd7 8. f3
Rc8 9. Bd3 c5 10. dxc5 Nxc5 11. Nge2 Qa5 12. Kb1 Nxd3 13. Qxd3 Nf6 14. Qd2 h6
15. h4 h5 16. Bf4 Nd7 17. e5 Nxe5 18. Rhe1 Nc4 19. Qd3 O-O 20. Nd4 Bxd4 21.
Qxd4 e5 22. Bxe5 dxe5 23. Qd7 Rc7 24. Qd3 Nxa3+ 25. bxa3 Rxc3 26. Qd2 Qxa3 27.
Rxe5 Rc4 28. Re3 Rb4+ 29. Rb3 Rxb3+ 30. cxb3 Qxb3+ 31. Ka1 Rc8 0-1

[Event "4NCL/Div3/SCS vs. GUEM"]
[Site "Daventry ENG"]
[Date "2009.10.25"]
[Round "2.1"]
[White "Baptie, Justin P"]
[Black "Jamieson, Ian M"]
[Result "1-0"]
[WhiteElo "2095"]
[BlackElo "2002"]
[PlyCount "61"]
[EventDate "2009.10.25"]
[SourceDate "2009.10.24"]

1. e4 e6 2. d4 d5 3. Nc3 Be7 4. Nf3 dxe4 5. Nxe4 Nd7 6. Bd3 Ngf6 7. O-O Nxe4 8.
Bxe4 c5 9. Be3 O-O 10. c3 Nf6 11. Bc2 cxd4 12. Bxd4 Qa5 13. Ne5 Rd8 14. Qf3 Bd7
15. Rfe1 Rab8 16. b4 Qa3 17. Qh3 Be8 18. Ng4 Rxd4 19. Nxf6+ Bxf6 20. Qxh7+ Kf8
21. cxd4 Bxd4 22. Rad1 Bf6 23. Bb3 Qxb4 24. Re4 Qb6 25. Rde1 Ke7 26. Qg8 e5 27.
Bxf7 Bxf7 28. Qxb8 Bxa2 29. Rc1 Bd5 30. Ra4 Be6 31. Rc7+ 1-0

[Event "4NCL/Div3/SCS vs. GUEM"]
[Site "Daventry ENG"]
[Date "2009.10.25"]
[Round "2.2"]
[White "Ozanne, Mark S"]
[Black "Moyse, Nigel J"]
[Result "0-1"]
[WhiteElo "2028"]
[BlackElo "2055"]
[PlyCount "54"]
[EventDate "2009.10.25"]
[SourceDate "2009.10.24"]

1. e4 c5 2. Nf3 e6 3. g3 d5 4. e5 d4 5. d3 Bd7 6. Bg2 Bc6 7. O-O Ne7 8. Nbd2
Ng6 9. Qe2 Nd7 10. h4 Qc7 11. Re1 h5 12. c3 O-O-O 13. cxd4 cxd4 14. b3 Bb4 15.
Bb2 Ndxe5 16. Rac1 Nxf3+ 17. Bxf3 Ne7 18. Rc4 Bxd2 19. Qxd2 Kb8 20. Ba3 Nd5 21.
Rxd4 Qb6 22. Rc4 Bb5 23. Bxd5 Rxd5 24. Qf4+ Ka8 25. Rc7 Rf5 26. Rec1 Bc6 27.
Bc5 Rxc5 0-1

[Event "4NCL/Div3/SCS vs. GUEM"]
[Site "Daventry ENG"]
[Date "2009.10.25"]
[Round "2.3"]
[White "Bogoda, Sagara T"]
[Black "Carpenter, Richard"]
[Result "0-1"]
[WhiteElo "1874"]
[BlackElo "1962"]
[PlyCount "98"]
[EventDate "2009.10.25"]
[SourceDate "2009.10.24"]

1. d4 g6 2. Nf3 Bg7 3. c4 c5 4. Nc3 cxd4 5. Nxd4 Nf6 6. g3 O-O 7. Bg2 Nc6 8. e3
Qb6 9. O-O Qb4 10. Qd2 Qxc4 11. Re1 Ng4 12. Bf1 Nxd4 13. Bxc4 Nf3+ 14. Kg2 Nxd2
15. Bxd2 Ne5 16. Be2 b6 17. f4 Bb7+ 18. Kf2 Nc6 19. Rac1 Rfd8 20. a3 d5 21. Bf3
e6 22. Rc2 Na5 23. Ne2 Nb3 24. Bc3 Rac8 25. Rd1 Ba6 26. Nc1 Bxc3 27. Nxb3 Be1+
28. Kxe1 Rxc2 29. Rd2 Rdc8 30. Bd1 Rxd2 31. Kxd2 f6 32. Nd4 e5 33. Nf3 exf4 34.
gxf4 Bb7 35. Bb3 Kf8 36. Nd4 Ke7 37. Nb5 a6 38. Nc3 Kd6 39. Kd3 g5 40. Kd4 gxf4
41. exf4 Rg8 42. Bxd5 Bxd5 43. Nxd5 Rg2 44. Nxb6 Rxh2 45. Nc4+ Kc6 46. Ke4 h5
47. Kf5 h4 48. Kg4 h3 49. Kg3 Rc2 0-1

[Event "4NCL/Div3/SCS vs. GUEM"]
[Site "Daventry ENG"]
[Date "2009.10.25"]
[Round "2.4"]
[White "Kumar, Shankar"]
[Black "Lutton, J Arnold"]
[Result "1/2-1/2"]
[WhiteElo "1805"]
[BlackElo "1823"]
[PlyCount "31"]
[EventDate "2009.10.25"]
[SourceDate "2009.10.24"]

1. e4 e6 2. b3 Nf6 3. e5 Nd5 4. c4 Ne7 5. d4 d5 6. exd6 cxd6 7. Bb2 d5 8. Nf3
b6 9. Bd3 Bb7 10. Nbd2 Nd7 11. O-O Ng6 12. g3 Nf6 13. Re1 Be7 14. h4 O-O 15.
Ng5 Qd6 16. h5 1/2-1/2

[Event "4NCL/Div3/SCS vs. GUEM"]
[Site "Daventry ENG"]
[Date "2009.10.25"]
[Round "2.5"]
[White "Bogoda, Nathasha O"]
[Black "Carpenter, Paul"]
[Result "0-1"]
[WhiteElo "1658"]
[BlackElo "1826"]
[PlyCount "68"]
[EventDate "2009.10.25"]
[SourceDate "2009.10.24"]

1. d4 d5 2. c4 e6 3. Nc3 Nf6 4. Nf3 c6 5. e3 Nbd7 6. Be2 Bd6 7. Qc2 O-O 8. O-O
b6 9. Re1 Bb4 10. Bd2 Bxc3 11. Bxc3 Ne4 12. b3 Nxc3 13. Qxc3 Bb7 14. Rac1 Rc8
15. Qb2 Qe7 16. Bd3 f5 17. Qb1 g6 18. b4 Kg7 19. c5 g5 20. h3 Kh8 21. Qc2 h5
22. Qe2 g4 23. hxg4 hxg4 24. Nh2 Qh4 25. Nf1 Kg7 26. Ng3 Rh8 27. Qd1 Qh2+ 28.
Kf1 Nf6 29. Ne2 Qh1+ 30. Ng1 Rh2 31. Ke2 Qxg2 32. Rf1 Ne4 33. Bxe4 fxe4 34. Qa4
Rf8 0-1

[Event "4NCL/Div3/SCS vs. GUEM"]
[Site "Daventry ENG"]
[Date "2009.10.25"]
[Round "2.6"]
[White "O'Connor, Jonathan T"]
[Black "Ballard, Edward"]
[Result "1-0"]
[WhiteElo "1675"]
[BlackElo "1226"]
[PlyCount "87"]
[EventDate "2009.10.25"]
[SourceDate "2009.10.24"]

1. e4 e5 2. d4 Nc6 3. Nf3 d6 4. dxe5 Qe7 5. Nc3 dxe5 6. Bb5 Bd7 7. Nd5 Qd6 8.
O-O O-O-O 9. Qe2 a6 10. Bxa6 Nd4 11. Nxd4 Qxa6 12. Qxa6 bxa6 13. Nf3 f6 14. Be3
Bc6 15. c4 Ne7 16. Rfd1 Bxd5 17. cxd5 Rd6 18. Bc5 Rd7 19. Rac1 g6 20. Rc4 Nc6
21. Bxf8 Na5 22. Ra4 Nc6 23. Rxa6 Nb8 24. Rxf6 c6 25. Nxe5 Rd8 26. Bh6 cxd5 27.
Nf7 dxe4 28. Nxd8 Rxd8 29. Rxd8+ Kxd8 30. Rf8+ Kc7 31. Bf4+ Kc6 32. Rxb8 Kd5
33. a4 e3 34. Bxe3 g5 35. a5 g4 36. a6 g3 37. a7 gxf2+ 38. Kxf2 h6 39. a8=Q+
Ke5 40. Re8+ Kf5 41. Qd5+ Kf6 42. Qe6+ Kg7 43. Bd4+ Kh7 44. Qg8# 1-0

[Event "4NCL/Div3/FPONTY vs. AMCAH"]
[Site "Daventry ENG"]
[Date "2009.10.25"]
[Round "2.1"]
[White "Gilbert, Jonathan A"]
[Black "Holland, James P"]
[Result "0-1"]
[WhiteElo "2058"]
[BlackElo "1943"]
[PlyCount "86"]
[EventDate "2009.10.25"]
[SourceDate "2009.10.24"]

1. e4 c5 2. Nf3 d6 3. d4 cxd4 4. Nxd4 Nf6 5. Nc3 g6 6. Be3 Bg7 7. f3 Nc6 8. Qd2
O-O 9. Bc4 Bd7 10. O-O-O Rc8 11. Bb3 Ne5 12. h4 h5 13. Bg5 Rc5 14. Kb1 Re8 15.
Bh6 Qa5 16. Bxg7 Kxg7 17. g4 hxg4 18. h5 Nxh5 19. f4 Nc6 20. Nxc6 Bxc6 21. f5
Rxf5 22. exf5 Bxh1 23. fxg6 Kxg6 24. Rxh1 Rf8 25. Qe2 Qg5 26. Ne4 Nf4 27. Qh2
Qh5 28. Qg1 Nh3 29. Qxa7 g3 30. Qe3 g2 31. Qg3+ Qg5 32. Qxg5+ Nxg5 33. Rg1 Nxe4
34. Rxg2+ Ng5 35. Bd5 b6 36. a4 e6 37. Bf3 d5 38. Ka2 Rc8 39. Ka3 Kf6 40. Bd1
Ne4 41. Kb4 Rc5 42. b3 Ke5 43. Bf3 f5 0-1

[Event "4NCL/Div3/FPONTY vs. AMCAH"]
[Site "Daventry ENG"]
[Date "2009.10.25"]
[Round "2.2"]
[White "Andreev, Peter"]
[Black "Sully, David J"]
[Result "1/2-1/2"]
[WhiteElo "1895"]
[BlackElo "2119"]
[PlyCount "52"]
[EventDate "2009.10.25"]
[SourceDate "2009.10.24"]

1. e4 e6 2. d3 d5 3. Nd2 Nf6 4. Ngf3 Nc6 5. c3 Bd6 6. g3 O-O 7. Bg2 e5 8. O-O
h6 9. b4 a6 10. a3 Bg4 11. h3 Be6 12. Qe2 dxe4 13. dxe4 Qd7 14. Kh2 Rad8 15.
Bb2 Be7 16. c4 Nd4 17. Bxd4 exd4 18. Ne5 d3 19. Qe3 Qa4 20. f4 a5 21. b5 c6 22.
Bf3 Qc2 23. Rfc1 Bc5 24. Qe1 Qb2 25. Rab1 Qd4 26. Rb3 cxb5 1/2-1/2

[Event "4NCL/Div3/FPONTY vs. AMCAH"]
[Site "Daventry ENG"]
[Date "2009.10.25"]
[Round "2.3"]
[White "Adams, Mark A"]
[Black "Venmore-Rowland, Edward PC"]
[Result "1-0"]
[WhiteElo "2026"]
[BlackElo "1834"]
[PlyCount "91"]
[EventDate "2009.10.25"]
[SourceDate "2009.10.24"]

1. e4 c5 2. Nf3 d6 3. d4 cxd4 4. Nxd4 Nf6 5. Nc3 g6 6. Be3 Bg7 7. f3 O-O 8. Qd2
Nc6 9. O-O-O Bd7 10. Kb1 Rb8 11. g4 Ne5 12. h4 b5 13. h5 Nc4 14. Bxc4 bxc4 15.
Nd5 e6 16. Nxf6+ Bxf6 17. Qh2 Qe7 18. g5 Bh8 19. c3 Rb7 20. Rd2 Rfb8 21. Qg1 a5
22. Rhh2 a4 23. a3 Be8 24. Ka1 Qc7 25. hxg6 fxg6 26. Nxe6 Qe7 27. Nd4 Be5 28.
Rhe2 Qf8 29. f4 Bh8 30. Qd1 Bd7 31. f5 Be5 32. Rf2 Qe7 33. f6 Qf7 34. Bf4 Be8
35. Bxe5 dxe5 36. Nf3 Rb5 37. Rd8 Qa7 38. Rxb8 Rxb8 39. Rd2 Qe3 40. Qe2 Qf4 41.
Qxc4+ Bf7 42. Qd3 Be6 43. Qd6 Re8 44. Nxe5 Qxg5 45. Qxe6+ Kf8 46. Qf7# 1-0

[Event "4NCL/Div3/FPONTY vs. AMCAH"]
[Site "Daventry ENG"]
[Date "2009.10.25"]
[Round "2.4"]
[White "Malhotra, Tarun"]
[Black "Robinson, David"]
[Result "1-0"]
[WhiteElo "1730"]
[BlackElo "1967"]
[PlyCount "95"]
[EventDate "2009.10.25"]
[SourceDate "2009.10.24"]

1. e4 d5 2. exd5 Qxd5 3. Nc3 Qd6 4. Nf3 Nf6 5. d3 a6 6. h3 Nc6 7. a3 h6 8. Be3
e5 9. Be2 Be7 10. Ne4 Nxe4 11. dxe4 Qg6 12. Qd3 Be6 13. O-O-O O-O 14. Qc3 Bd6
15. Bd3 a5 16. g4 Qf6 17. Nh2 Nd4 18. f4 c5 19. f5 c4 20. Bf1 Bd7 21. g5 Qe7
22. Bxd4 exd4 23. Qxd4 Qxg5+ 24. Kb1 Bxh2 25. Rxh2 Rad8 26. Rg2 Bc6 27. Rxg5
Rxd4 28. Rxd4 hxg5 29. Bxc4 Re8 30. Bd3 f6 31. Kc1 Kh7 32. Kd2 Kh6 33. Ke3 Re5
34. Kf2 g6 35. fxg6 Kxg6 36. Kg3 b5 37. Kf3 Re6 38. Kg4 Bxe4 39. Bxe4+ Rxe4+
40. Rxe4 f5+ 41. Kf3 fxe4+ 42. Kxe4 Kf6 43. a4 b4 44. c3 bxc3 45. bxc3 Ke6 46.
c4 Kd6 47. Kf5 Kc5 48. Kxg5 1-0

[Event "4NCL/Div3/FPONTY vs. AMCAH"]
[Site "Daventry ENG"]
[Date "2009.10.25"]
[Round "2.5"]
[White "Dixon, Chris"]
[Black "Meechan, Catriona"]
[Result "1-0"]
[WhiteElo "1953"]
[BlackElo "1738"]
[PlyCount "91"]
[EventDate "2009.10.25"]
[SourceDate "2009.10.24"]

1. e4 g6 2. d4 Bg7 3. Nc3 d6 4. Be3 a6 5. a4 Nd7 6. Nf3 Ngf6 7. h3 b6 8. e5
dxe5 9. dxe5 Ng8 10. Qd5 Rb8 11. e6 Ne5 12. Qxd8+ Kxd8 13. O-O-O+ Ke8 14. Nxe5
Bxe5 15. exf7+ Kxf7 16. Bc4+ Kg7 17. f4 Bf6 18. Ne4 Bb7 19. Bd5 c6 20. Bxg8
Rhxg8 21. Nxf6 exf6 22. Bxb6 Rgf8 23. Rhe1 Rf7 24. g4 Kf8 25. a5 c5 26. Bxc5+
Kg8 27. b4 Bc6 28. Rd6 Bb5 29. Rd4 Rd7 30. Rxd7 Bxd7 31. c3 f5 32. g5 Re8 33.
Rxe8+ Bxe8 34. Kd2 Kf7 35. Ke3 Ke6 36. Kd4 Bc6 37. Ba7 Kd6 38. Bb8+ Ke6 39. Kc5
Ba4 40. c4 Bd1 41. b5 axb5 42. cxb5 Bf3 43. Be5 Kd7 44. Kb6 Kc8 45. Ka7 Be4 46.
b6 1-0

[Event "4NCL/Div3/FPONTY vs. AMCAH"]
[Site "Daventry ENG"]
[Date "2009.10.25"]
[Round "2.6"]
[White "O'Neill, Tom C"]
[Black "Gilbert, Colin"]
[Result "0-1"]
[WhiteElo "1523"]
[BlackElo "1864"]
[PlyCount "36"]
[EventDate "2009.10.25"]
[SourceDate "2009.10.24"]

1. e4 c5 2. Nf3 d6 3. d4 cxd4 4. Nxd4 Nf6 5. Nc3 e5 6. Ndb5 a6 7. Na3 b5 8. Bg5
Be7 9. Bxb5+ axb5 10. Naxb5 O-O 11. Bxf6 Bxf6 12. Nxd6 Ba6 13. Qd2 Nc6 14. a3
Bg5 15. Qd5 Nd4 16. Kd1 Qf6 17. Qc5 Qf4 18. Nb1 Qc1# 0-1

[Event "4NCL/Div3/CELT2 vs. NOTT2"]
[Site "Daventry ENG"]
[Date "2009.10.25"]
[Round "2.1"]
[White "Thomas, Mark"]
[Black "Webster, Richard J"]
[Result "1-0"]
[WhiteElo "2049"]
[BlackElo "1969"]
[PlyCount "41"]
[EventDate "2009.10.25"]
[SourceDate "2009.10.24"]

1. e4 e6 2. Nf3 d5 3. e5 c5 4. b4 cxb4 5. d4 Nc6 6. a3 bxa3 7. c3 Na5 8. Nxa3
a6 9. Bd3 Bd7 10. O-O h5 11. Rb1 Rc8 12. Qe2 Be7 13. Re1 Nh6 14. c4 Bxa3 15.
Bxa3 dxc4 16. Be4 b5 17. d5 Ng8 18. Rbd1 Rh6 19. dxe6 fxe6 20. Rd6 Nc6 21. Red1
1-0

[Event "4NCL/Div3/CELT2 vs. NOTT2"]
[Site "Daventry ENG"]
[Date "2009.10.25"]
[Round "2.2"]
[White "Nabbs, Terence"]
[Black "Fathallah, Joe"]
[Result "0-1"]
[WhiteElo "1954"]
[BlackElo "1951"]
[PlyCount "80"]
[EventDate "2009.10.25"]
[SourceDate "2009.10.24"]

1. e4 e6 2. d4 d5 3. exd5 exd5 4. c4 Nf6 5. Nc3 Be7 6. Bd3 Bg4 7. f3 Bh5 8.
Nge2 Bg6 9. O-O Nc6 10. a3 Qd7 11. Be3 Bxd3 12. Qxd3 dxc4 13. Qxc4 O-O 14. Rfe1
Rad8 15. Nf4 Rfe8 16. Rad1 a6 17. Ne4 Nxe4 18. fxe4 Bh4 19. g3 Rxe4 20. Ng2 Bf6
21. Kh1 Rde8 22. Rd3 Qe7 23. Qc5 Qxc5 24. dxc5 h6 25. Rf1 Bg5 26. Bxg5 hxg5 27.
Rd7 R8e7 28. Rxe7 Rxe7 29. Re1 Rxe1+ 30. Nxe1 f6 31. Nd3 Kf7 32. Kg2 Ke6 33.
Kf3 Ne5+ 34. Ke4 Nxd3 35. Kxd3 Ke5 36. b4 f5 37. a4 f4 38. a5 c6 39. g4 Kd5 40.
h3 Ke5 0-1

[Event "4NCL/Div3/CELT2 vs. NOTT2"]
[Site "Daventry ENG"]
[Date "2009.10.25"]
[Round "2.3"]
[White "Ryan, John"]
[Black "Thompson, Brian"]
[Result "0-1"]
[WhiteElo "1920"]
[BlackElo "1953"]
[PlyCount "82"]
[EventDate "2009.10.25"]
[SourceDate "2009.10.24"]

1. e4 c5 2. Nf3 d6 3. d4 cxd4 4. Nxd4 Nf6 5. Nc3 g6 6. Bb5+ Bd7 7. Bxd7+ Qxd7
8. Be3 Bg7 9. f3 O-O 10. Qd2 Nc6 11. Nxc6 bxc6 12. O-O Rab8 13. Rab1 Qc7 14.
Kh1 Rb7 15. Ne2 Nd7 16. b3 Rfb8 17. f4 Nf6 18. Ng3 Ng4 19. f5 Nxe3 20. Qxe3 Qa5
21. fxg6 hxg6 22. a4 Qc3 23. Qxc3 Bxc3 24. Rf3 Be5 25. Rbf1 Bxg3 26. Rxg3 Rb4
27. Re3 Rd4 28. Re2 c5 29. h3 c4 30. Rf3 cxb3 31. cxb3 Rbb4 32. e5 d5 33. Kh2
e6 34. g4 Re4 35. Rfe3 Rf4 36. Kg3 Rf1 37. Rd3 Rb1 38. Ree3 g5 39. Rc3 d4 40.
Rc8+ Kg7 41. Rd3 R1xb3 0-1

[Event "4NCL/Div3/CELT2 vs. NOTT2"]
[Site "Daventry ENG"]
[Date "2009.10.25"]
[Round "2.4"]
[White "Hill, Maurice J"]
[Black "O'Grady, Gary"]
[Result "1-0"]
[WhiteElo "1802"]
[BlackElo "1914"]
[PlyCount "67"]
[EventDate "2009.10.25"]
[SourceDate "2009.10.24"]

1. c4 f5 2. g3 Nf6 3. Bg2 e6 4. Nc3 Be7 5. d3 O-O 6. e4 d6 7. Nge2 e5 8. O-O
Qe8 9. Nd5 Nxd5 10. cxd5 Qg6 11. f4 c5 12. Be3 Nd7 13. Nc3 Nf6 14. Qd2 h5 15.
fxe5 dxe5 16. Bg5 Nxd5 17. exf5 Qxg5 18. Bxd5+ Kh8 19. Qxg5 Bxg5 20. Rae1 Bxf5
21. Rxe5 g6 22. Ne4 Be3+ 23. Kg2 Bh3+ 24. Kxh3 Rxf1 25. Re7 g5 26. Bf7 h4 27.
Nd6 hxg3 28. hxg3 Bd4 29. Kg4 Rf8 30. Bg6 Bg7 31. Nf5 Rf6 32. Kxg5 R6xf5+ 33.
Bxf5 Bxb2 34. Kg6 1-0

[Event "4NCL/Div3/CELT2 vs. NOTT2"]
[Site "Daventry ENG"]
[Date "2009.10.25"]
[Round "2.5"]
[White "Wagner, Guy"]
[Black "Willoughby, Robert H"]
[Result "1/2-1/2"]
[WhiteElo "1904"]
[BlackElo "1754"]
[PlyCount "66"]
[EventDate "2009.10.25"]
[SourceDate "2009.10.24"]

1. Nf3 d5 2. c4 e6 3. d4 Nf6 4. g3 c6 5. Bg2 Bd6 6. O-O Nbd7 7. Nbd2 O-O 8. Qc2
e5 9. dxe5 Nxe5 10. cxd5 Nxd5 11. Nxe5 Bxe5 12. Nf3 Bd6 13. a3 Qc7 14. b4 a6
15. Bb2 Re8 16. Rac1 h6 17. Nd4 Nf6 18. b5 c5 19. bxa6 Qb6 20. axb7 Bxb7 21.
Bxb7 Qxb7 22. Nb3 Ne4 23. f3 Ng5 24. Kg2 Qb5 25. Qc4 Rab8 26. Qxb5 Rxb5 27. Rc3
Rxe2+ 28. Rf2 Rxb2 29. Rxb2 Be5 30. Rbc2 Bxc3 31. Rxc3 Ne6 32. a4 Rb4 33. a5 c4
1/2-1/2

[Event "4NCL/Div3/CELT2 vs. NOTT2"]
[Site "Daventry ENG"]
[Date "2009.10.25"]
[Round "2.6"]
[White "Graham, Neil"]
[Black "Buttell, David"]
[Result "1/2-1/2"]
[WhiteElo "1730"]
[BlackElo "1761"]
[PlyCount "43"]
[EventDate "2009.10.25"]
[SourceDate "2009.10.24"]

1. d4 Nf6 2. f3 c5 3. d5 d6 4. e4 g6 5. c4 Bg7 6. Nc3 Na6 7. Be3 Nc7 8. Bd3 a6
9. Qd2 Bd7 10. Nge2 Rb8 11. O-O O-O 12. Bh6 b5 13. b3 b4 14. Bxg7 bxc3 15. Qh6
Re8 16. Bxf6 exf6 17. Nxc3 f5 18. Qf4 Qf6 19. Ne2 g5 20. Qd2 f4 21. Qa5 Rec8
22. Qc3 1/2-1/2

[Event "4NCL/Div3/WES2 vs. 3CS"]
[Site "Hinckley Island ENG"]
[Date "2010.01.16"]
[Round "3.1"]
[White "Yeo, Michael J"]
[Black "Ashton, Adam G"]
[Result "1/2-1/2"]
[WhiteElo "2153"]
[BlackElo "2319"]
[PlyCount "51"]
[EventDate "2010.01.16"]
[SourceDate "2009.10.24"]

1. e4 e5 2. Nf3 Nc6 3. Bc4 Nf6 4. Ng5 d5 5. exd5 Na5 6. Bb5+ c6 7. dxc6 bxc6 8.
Bd3 Be7 9. O-O h6 10. Ne4 Nd5 11. Ng3 O-O 12. Re1 f5 13. Rxe5 Bd6 14. Re1 Qh4
15. Nc3 Nf6 16. h3 f4 17. Nge4 f3 18. g3 Bxg3 19. Nxg3 Bxh3 20. Qxf3 Ng4 21.
Nf5 Qh5 22. Ne7+ Kh8 23. Ng6+ Kg8 24. Ne7+ Kh8 25. Ng6+ Kg8 26. Ne7+ 1/2-1/2

[Event "4NCL/Div3/WES2 vs. 3CS"]
[Site "Hinckley Island ENG"]
[Date "2010.01.16"]
[Round "3.2"]
[White "Longson, Alexander"]
[Black "Taylor-Bowd, Philip J"]
[Result "1/2-1/2"]
[WhiteElo "2254"]
[BlackElo "2043"]
[PlyCount "43"]
[EventDate "2010.01.16"]
[SourceDate "2009.10.24"]

1. e4 c6 2. d4 d5 3. e5 c5 4. dxc5 e6 5. Qg4 h5 6. Qg3 h4 7. Qg4 Nh6 8. Bxh6
Rxh6 9. Nc3 f5 10. exf6 Qxf6 11. Nf3 Bd7 12. O-O-O Bxc5 13. Bb5 Nc6 14. Bxc6
Bxc6 15. Rhe1 O-O-O 16. Re2 Kb8 17. Ne5 Be8 18. f3 Bh5 19. Qa4 Be8 20. Qg4 Bh5
21. Qa4 Be8 22. Qg4 1/2-1/2

[Event "4NCL/Div3/WES2 vs. 3CS"]
[Site "Hinckley Island ENG"]
[Date "2010.01.16"]
[Round "3.3"]
[White "Tunks, Dominic"]
[Black "Jaunooby, Ali Reza"]
[Result "1-0"]
[WhiteElo "2076"]
[BlackElo "2171"]
[PlyCount "95"]
[EventDate "2010.01.16"]
[SourceDate "2009.10.24"]

1. e4 g6 2. Bc4 Bg7 3. Nf3 c5 4. O-O Nc6 5. Re1 Nf6 6. e5 Ng4 7. d4 cxd4 8. Bf4
Qa5 9. Qe2 h5 10. Nbd2 Nh6 11. a3 Nf5 12. b4 Qb6 13. Rad1 O-O 14. Ne4 a6 15.
Qd3 Qd8 16. Neg5 d5 17. exd6 Nxd6 18. Qxg6 Bf5 19. Qxh5 Nxc4 20. Nh4 Qd5 21.
Re5 N4xe5 22. Nxf5 Nf3+ 23. Nxf3 Qe6 24. Bh6 Bxh6 25. Nxh6+ Kg7 26. Nf5+ Kg8
27. Nh6+ Kg7 28. Nf5+ Kg8 29. Rxd4 Nxd4 30. Qg4+ Qg6 31. Nxe7+ Kg7 32. Nxg6
Nxf3+ 33. Qxf3 Kxg6 34. Qxb7 a5 35. h4 axb4 36. axb4 Rfe8 37. Qd5 f6 38. g4
Rad8 39. Qf5+ Kg7 40. h5 Re1+ 41. Kg2 Rf8 42. b5 Re5 43. Qd3 Rg5 44. Kg3 f5 45.
Qd4+ Rf6 46. h6+ Kg6 47. h7 f4+ 48. Kh4 1-0